| 000 | 00451nam a22001937a 4500 | ||
|---|---|---|---|
| 005 | 20220316163303.0 | ||
| 008 | 220316b |||||||| |||| 00| 0 eng d | ||
| 020 |
_a9781529076943 _cRs.699.00 |
||
| 040 | _aLoreto College | ||
| 041 | _aEnglish | ||
| 082 |
_aF _bFOL |
||
| 100 | _aFollett,Ken | ||
| 245 |
_aNever _cKen Follett |
||
| 260 |
_aLondon _bMacmillan _c2021 |
||
| 300 |
_a816p _b22cm |
||
| 650 | _aFiction | ||
| 850 | _aLCLIB | ||
| 942 | _cBK | ||
| 999 |
_c42958 _d93437 |
||